[Event "TCh-RUS Premier 2018"]
[Site "Sochi RUS"]
[Date "2018.05.05"]
[Round "5.4"]
[Board "4"]
[White "Tsydypov, Zhamsaran"]
[Black "Motylev, Alexander"]
[Result "1/2-1/2"]
[WhiteTitle "IM"]
[BlackTitle "GM"]
[WhiteElo "2525"]
[BlackElo "2660"]
[WhiteTeam "Siberia Novosibirsk"]
[BlackTeam "Legacy Square Capital Москва"]
[WhiteFideId "4108566"]
[BlackFideId "4121830"]
[EventDate "2018.05.01"]

1. Nf3 d5 2. g3 g6 3. Bg2 Bg7 4. O-O e5 5. c4 dxc4 6. Qa4+ Nc6 7. Nc3 Ne7 8.
Qxc4 O-O 9. d3 h6 10. Be3 Nf5 11. Bc5 Re8 12. e3 Be6 13. Qa4 a5 14. Rfd1 Bd7 15.
Qb3 b6 16. Ba3 Be6 17. Qa4 Bd7 18. Qb3 Be6 19. Qa4 Bd7 20. Qb3 Be6 1/2-1/2

[Event "TCh-RUS Premier 2018"]
[Site "Sochi RUS"]
[Date "2018.05.10"]
[Round "9.3"]
[Board "5"]
[White "Lomasov, Semen"]
[Black "Hasangatin, Ramil"]
[Result "1-0"]
[WhiteTitle "IM"]
[BlackTitle "GM"]
[WhiteElo "2559"]
[BlackElo "2502"]
[WhiteTeam "Molodezhka Tyumen"]
[BlackTeam "Ladya Tatarstan"]
[WhiteFideId "24164879"]
[BlackFideId "4122160"]
[EventDate "2018.05.01"]

1. e4 c5 2. Nf3 Nc6 3. d4 cxd4 4. Nxd4 e5 5. Nb5 a6 6. Nd6+ Bxd6 7. Qxd6 Qe7 8.
Qd1 Nf6 9. Nc3 d6 10. Bg5 Be6 11. Nd5 Bxd5 12. exd5 Nb8 13. a4 h6 14. Be3 a5 15.
Bb5+ Nbd7 16. g4 h5 17. g5 Ng4 18. Bd2 e4 19. Qe2 Ne5 20. O-O-O Nf3 21. Bf4 Rd8
22. h4 O-O 23. Rh3 Nfe5 24. Qxe4 Nc5 25. Qe2 Ng6 26. Be3 Rc8 27. Kb1 Qe4 28. f3
Qf5 29. Rhh1 Rc7 30. Ka2 Rfc8 31. c3 Re7 32. Qf2 Ne5 33. Bxc5 Rxc5 34. Rhe1 Rcc7
35. Qb6 Qg6 36. Rxe5 dxe5 37. Qxg6 1-0

[Event "TCh-RUS Premier 2018"]
[Site "Sochi RUS"]
[Date "2018.05.10"]
[Round "9.5"]
[Board "5"]
[White "Bocharov, Ivan"]
[Black "Drygalov, Sergey"]
[Result "1-0"]
[WhiteTitle "IM"]
[BlackTitle "IM"]
[WhiteElo "2547"]
[BlackElo "2418"]
[WhiteTeam "Siberia Novosibirsk"]
[BlackTeam "Yuzhny Ural Chelyabinsk"]
[WhiteFideId "4180887"]
[BlackFideId "24171743"]
[EventDate "2018.05.01"]

1. e4 e5 2. Nf3 Nc6 3. Bb5 a6 4. Ba4 Nf6 5. O-O Be7 6. Re1 b5 7. Bb3 d6 8. c3
O-O 9. h3 Bb7 10. d4 Re8 11. Nbd2 Bf8 12. a3 h6 13. d5 Nb8 14. Nh2 Nbd7 15. Qf3
c6 16. dxc6 Bxc6 17. Ba2 Qe7 18. Ndf1 g6 19. Ng3 Bg7 20. h4 h5 21. Bg5 Nf8 22.
Nhf1 N8h7 23. Ne3 Qb7 24. Bxf6 Nxf6 25. Rad1 Rad8 26. Nd5 Bxd5 27. Bxd5 Qe7 28.
Bb3 Rd7 29. Nf1 Bh6 30. g3 Rb8 31. Rd3 Kg7 32. Red1 Rb6 33. Qe2 Qd8 34. Nh2 a5
35. Nf3 Qc7 36. Kg2 Re7 37. Ng5 Nd7 38. Rf3 Bxg5 39. hxg5 Nc5 40. Bd5 Ne6 41.
Bxe6 Rxe6 42. Rd5 Qb7 43. Rfd3 Qe7 44. Qe3 Rb8 45. Rd1 Rb7 46. R1d3 f6 47. Qd2
Rb6 48. gxf6+ Rxf6 49. Qe2 Qc7 50. Rf3 Rxf3 51. Qxf3 Qd7 52. Qe3 Qc7 53. Qd3 Qc6
54. f4 Qc4 55. Qe3 b4 56. b3 Qc7 57. axb4 axb4 58. c4 Ra6 59. fxe5 dxe5 60. Qd2
Ra7 61. Qxb4 Ra2+ 62. Rd2 Qa7 63. Qd6 Kh7 64. b4 h4 65. gxh4 Qe3 66. Qe7+ Kg8
67. Qe8+ 1-0

[Event "TCh-RUS Premier 2018"]
[Site "Sochi RUS"]
[Date "2018.05.10"]
[Round "9.5"]
[Board "6"]
[White "Yumakhuzhin, Vadim"]
[Black "Khanin, Semen"]
[Result "0-1"]
[BlackTitle "IM"]
[WhiteElo "2184"]
[BlackElo "2477"]
[WhiteTeam "Yuzhny Ural Chelyabinsk"]
[BlackTeam "Siberia Novosibirsk"]
[WhiteFideId "4113241"]
[BlackFideId "4111990"]
[EventDate "2018.05.01"]

1. d4 Nf6 2. Bf4 d5 3. e3 c5 4. c3 Nc6 5. Nf3 Qb6 6. Qb3 c4 7. Qc2 Bf5 8. Qc1
Nh5 9. Bg3 Nxg3 10. hxg3 g6 11. Nbd2 h5 12. Be2 Bg7 13. O-O O-O 14. Re1 Qc7 15.
Nh4 Bd7 16. e4 e6 17. e5 g5 18. Nhf3 g4 19. Nh2 f6 20. exf6 Rxf6 21. Ndf1 Raf8
22. f4 b5 23. a3 Qb6 24. Kh1 a5 25. Bd1 Rh6 26. Ne3 Qd8 27. Bxg4 hxg4 28. Nxg4
Rh5 29. Kg1 Ne7 30. Qd1 Nf5 31. Qf3 Nxd4 32. cxd4 Bxd4+ 33. Kh1 Kg7 34. Rad1 e5
35. Nxe5 Rxh2+ 0-1